Matemática ou mesas, cadeiras e canecas de cerveja (Registo nº 199822)
[ vista simples ]
| 000 -Etiqueta do registo | |
|---|---|
| Valores | 00635nam 22002173 4500 |
| 010 ## - Número ISBN | |
| ISBN | 972-662-713-3 |
| 021 ## - Número do Depósito Legal | |
| Código do país | Portugal |
| Número | 170310/01 |
| 100 ## - Dados gerais de processamento | |
| Dados gerais | 20260109d u||y0pory50 ba |
| 200 ## - Titulo e menção de responsabilidade | |
| Título próprio | Matemática ou mesas, cadeiras e canecas de cerveja |
| Primeira menção de responsabilidade | Natália Bebiano da Providência |
| 205 ## - Menção da edição | |
| Edição | 2ª |
| 210 ## - Publicação | |
| Local de publicação | Lisboa |
| Nome do editor | Gradiva |
| Data de publicação | 2001 |
| 215 ## - Descrição física | |
| Paginação / Volumes | 262, [2] p. |
| Outras indicações físicas | il. ; brochado |
| Dimensões | 23 cm |
| 225 ## - Colecção | |
| Título próprio da colecção | O prazer da matemática |
| Número de parte ou secção | 26 |
| 606 ## - Nome comum usado como assunto | |
| ID Autoridade | 1432 |
| Palavra de ordem | Matemática |
| 675 ## - CDU | |
| Notação | 51 |
| Edição | PT |
| Língua | por |
| 700 ## - Autor principal (pessoa individual) | |
| ID Autoridade | 15623 |
| Apelido | Providência |
| Nome | Natália Bebiano da |
| 801 ## - Fonte de origem | |
| País | PT |
| Agência | BMMN |
| Regras de catalogação | RPC |
| 830 ## - Notas gerais do catalogador | |
| Criado por | Vanda |
| 990 ## - Elementos KOHA | |
| Tipo de documento | Livro |
| Situação do levantamento | Biblioteca de origem | Código de barras | Cota | Permissão de empréstimo | Tipo de documento | Forma de aquisição |
|---|---|---|---|---|---|---|
| Biblioteca Municipal de Montemor-o-Novo | 28845 | 51 PRO|DEP | Livro | Compra |